000 00492nam a2200169Ia 4500
008 231221s9999 xx 000 0 und d
041 _aEnglish
082 _a641.03 MAR.8;1 R
100 _aMarshall Cavendish
245 0 _aSupercook : the complete encyclopedia of cooking V.8 (Hui-Keb)
260 _c1987
_bMarshall Cavendish
_aLondon
300 _a981-1120
500 _aE.-509
650 _aHotel management-Encyclopedia
650 _aHotel management-Encyclopedia
942 _cHM
999 _c207599
_d207599